00506nam a2200217Ia 4500003000400000005001700004008004100021020000600062040000700068041000800075082001800083100001700101245004200118250000700160260004900167300001200216365001300228650001400241650001900255700001400274OSt20240723114956.0210423s2008 xx 000 0 und d a- cAL aeng a336.243 MEHH aMehrotra H C aCorporate tax planning and management a13 aNew DelhibSahitya Bhawan Publicationsc2008 a315bPB b160cINR aEconomics aPublic Finance aGoyal S P